Cvičení z transkripce českých raně novověkých textů z let 1500-1620 (Hradec Králové) /

Hlavní autor: Vojtíšková, Jana, 1976-
Korporativní autor: Univerzita Hradec Králové. Filozofická fakulta
Jazyk: Čeština
Vydáno: Hradec Králové : Filozofická fakulta Univerzity Hradec Králové, 2014
Témata:
Fyzický popis: 43 s. : faksim. ; 30 cm
Knihy
Uloženo v:
LEADER 02503nam a2200625 a 4500
001 nkc20142636718
003 CZ PrNK
005 20201023061528.0
007 ta
008 150114s2014 xr h e p 000 0 cze
015 |a cnb002636718 
020 |a 978-80-260-7228-7  |q (brož.) 
035 |a (OCoLC)904579009 
040 |a ABA001  |b cze 
043 |a e-xr--- 
045 |a t-u2 
072 7 |a 811.162.3  |x Čeština  |2 Konspekt  |9 11 
072 7 |a 37.016  |x Učební osnovy. Vyučovací předměty. Učebnice  |2 Konspekt  |9 22 
080 |a 003.035  |2 MRF 
080 |a 811.162.3  |2 MRF 
080 |a 005.92  |2 MRF 
080 |a 81'42  |2 MRF 
080 |a (075.8)  |2 MRF 
080 |a (076.5)  |2 MRF 
100 1 |a Vojtíšková, Jana,  |d 1976-  |7 jo2007289668  |4 aut 
245 1 0 |a Cvičení z transkripce českých raně novověkých textů z let 1500-1620 (Hradec Králové) /  |c Jana Vojtíšková 
260 |a Hradec Králové :  |b Filozofická fakulta Univerzity Hradec Králové,  |c 2014 
300 |a 43 s. :  |b faksim. ;  |c 30 cm 
500 |a Název z obálky 
500 |a 400 výt. 
504 |a Obsahuje bibliografické odkazy 
648 7 |a 16.-17. století  |7 ch757028  |2 czenas 
648 7 |a 1500-1620  |7 ch460667  |2 czenas 
650 0 7 |a transkripce  |7 ph120106  |2 czenas 
650 0 7 |a čeština  |7 ph135292  |2 czenas 
650 0 7 |a úřední písemnosti  |7 ph128377  |z Česko  |y 16.-17. století  |2 czenas 
650 0 7 |a texty  |7 ph126631  |2 czenas 
650 0 9 |a transcription  |2 eczenas 
650 0 9 |a Czech language  |2 eczenas 
650 0 9 |a official letters  |z Czechia  |y 16th-17th centuries  |2 eczenas 
650 0 9 |a texts  |2 eczenas 
655 7 |a učebnice vysokých škol  |7 fd133772  |2 czenas 
655 7 |a praktická cvičení  |7 fd133118  |2 czenas 
655 9 |a textbooks (higher)  |2 eczenas 
655 9 |a problems, exercises, etc  |2 eczenas 
710 2 |a Univerzita Hradec Králové.  |b Filozofická fakulta  |7 mzk2008412415 
910 2 |a BOA001  |b 4-1336.681 
928 9 |a Univerzita Hradec Králové, Filozofická fakulta 
990 |a BK 
995 |a 01 
991 |b 201502  |c NOV  |e n 
996 6 |b 2610618800  |c 4-1336.681  |l MZK  |r Sklad / do 1 hodiny  |n 2  |p p.v.  |w 001481376  |u 000010  |a 1  |e BOA001  |j MZK50  |s P 
996 7 |b 2610627173  |c 4-1336.681  |l MZK  |r Sklad / do 1 hodiny  |n 10  |p kup  |w 001481376  |u 000020  |a 1  |e BOA001  |j MZK50  |s A 
996 7 |b 2610627174  |c 4-1336.681  |l MZK  |r Sklad / do 1 hodiny  |n 1  |p kup  |w 001481376  |u 000030  |a 1  |e BOA001  |j MZK50  |s A 
996 7 |b 2610627175  |c 4-1336.681  |l MZK  |r Sklad / do 1 hodiny  |n 2  |p kup  |w 001481376  |u 000040  |a 1  |e BOA001  |j MZK50  |s A